Juan sin ruido /

Guardado en:
Autor Principal: Ledesma, Roberto
Formato: Libro
Publicado: Buenos Aires : Plus Ultra, 1972
Edición:4a. ed.
Series:Literatura Juvenil
Materias:
Etiquetas: Agregar Etiqueta
Sin Etiquetas, Sea el primero en etiquetar este registro!
LEADER 00672nam a22002295a 4500
001 CEM.cems003786
005 20101202110532.0
008 130507s1972##################000#0#####d
003 CEMS
082 0 4 |a A863.4 
100 1 |a Ledesma, Roberto 
245 1 0 |a Juan sin ruido /  |c Roberto Ledesma 
250 |a 4a. ed. 
260 |a Buenos Aires :  |b Plus Ultra,  |c 1972 
300 |a 207 p. 
490 0 |a Literatura Juvenil 
653 |a Literatura 
653 |a Literatura argentina 
653 |a Novelas 
653 |a Novela argentina-siglo 20 
859 |a CEMS  |b BIB. CEMS - 11 de abril  |h A863.4  |i L498  |p 11356.74  |t Ej.1 
859 |a CEMS  |b BIB. CEMS - 11 de abril  |h A863.4  |i L498  |p 17100.93  |t Ej.2